Statistical handbook of Tamil Nadu 1995 (Record no. 507192)

000 -LEADER
fixed length control field 00263nam a2200097 4500
100 ## - MAIN ENTRY--PERSONAL NAME
Personal name Tamil Nadu. Department of Statistics
9 (RLIN) 1086
245 ## - TITLE STATEMENT
Title Statistical handbook of Tamil Nadu 1995
260 ## - PUBLICATION, DISTRIBUTION, ETC. (IMPRINT)
Place of publication, distribution, etc Madras
Name of publisher, distributor, etc Government Central Press
300 ## - PHYSICAL DESCRIPTION
Extent 382p.
942 ## - ADDED ENTRY ELEMENTS (KOHA)
Source of classification or shelving scheme
Holdings
Withdrawn status Lost status Source of classification or shelving scheme Damaged status Not for loan Permanent location Current location Date acquired Barcode Date last seen Price effective from Koha item type
          Indian Institute of Public Administration Indian Institute of Public Administration 2019-02-05 GG34148 2019-02-05 2019-02-05 GG

Powered by Koha